000 00508nam a2200169Ia 4500
008 240729s9999 xx 000 0 und d
022 _a2054-619X
245 0 _aEuropean Medical Journal Oncology
260 _aUnited Kingdom
260 _bEuropean Medical Journal
650 _a Internal medicine
650 _a Neoplasms. Tumors. Oncology. Including cancer and carcinogens
650 _aMedicine
856 _uhttps://doaj.org/toc/4e578dc1ef6e490e9b07f0c79573965b
942 _2ddc
942 _cDOAJEJ
999 _c68067
_d68067
945 _a1
_bMadushi Gamage
_c1
_dMadushi Gamage